[Event "I Magistral Femenino Diez Reinas 2010"]
[Site "Buenos Aires ARG"]
[Date "2010.08.30"]
[Round "9.4"]
[White "Leone, Juliana"]
[Black "Plazaola, Maria de los Angele"]
[Result "1-0"]
[WhiteElo "2096"]
[BlackElo "2185"]
[PlyCount "125"]
[EventDate "2010.08.19"]
[EventType "tourn"]
[EventRounds "9"]
[EventCountry "ARG"]
[Source "lmi"]
[SourceDate "2010.08.19"]

1. e4 c5 2. Nf3 Nc6 3. Bb5 g6 4. Bxc6 dxc6 5. d3 Bg7 6. h3 Nf6 7. Nc3 O-O 8.
Be3 b6 9. Qd2 a5 10. O-O Nd7 11. Bh6 e5 12. Ne2 Qe7 13. Ng3 Rd8 14. Bxg7 Kxg7
15. Qc3 f6 16. Nh4 Nf8 17. f4 Re8 18. Qd2 Qc7 19. f5 g5 20. Nh5+ Kf7 21. Nf3
Qd8 22. h4 h6 23. hxg5 hxg5 24. Nh2 Nh7 25. Ng4 Rh8 26. Rf2 Ba6 27. Nhxf6 Nxf6
28. Nxe5+ Ke8 29. Qxg5 Rg8 30. Ng6 Ra7 31. Qf4 Rh7 32. Qe5+ Kd7 33. Qe6+ Kc7
34. Ne5 Bb7 35. Nf7 Qe8 36. Qxe8 Nxe8 37. Ne5 Rgh8 38. g4 Rh1+ 39. Kg2 R8h2+
40. Kg3 Rh3+ 41. Kg2 Rxa1 42. Kxh3 Kd6 43. Nc4+ Ke7 44. g5 Bc8 45. Kg3 a4 46.
a3 b5 47. Ne5 b4 48. f6+ Kf8 49. f7 Rg1+ 50. Kh2 Rxg5 51. fxe8=Q+ Kxe8 52. Nxc6
Bd7 53. Na5 Ke7 54. Rg2 Rh5+ 55. Kg3 Kf6 56. Nc4 Be8 57. Kf4 Bf7 58. e5+ Ke7
59. Nd6 Bd5 60. Rg7+ Ke6 61. Rg6+ Kd7 62. Nf5 Bf7 63. e6+ 1-0

[Event "I Magistral Femenino Diez Reinas 2010"]
[Site "Buenos Aires ARG"]
[Date "2010.08.30"]
[Round "9.5"]
[White "Fernandez, Maria Florencia"]
[Black "Maggiolo, Elisa"]
[Result "1/2-1/2"]
[WhiteElo "2106"]
[BlackElo "2052"]
[PlyCount "36"]
[EventDate "2010.08.19"]
[EventType "tourn"]
[EventRounds "9"]
[EventCountry "ARG"]
[Source "lmi"]
[SourceDate "2010.08.19"]

1. d4 Nf6 2. c4 d5 3. Nc3 g6 4. Nf3 Bg7 5. Bg5 dxc4 6. e3 O-O 7. Bxc4 c5 8. O-O
Bg4 9. Be2 Nc6 10. d5 Bxf3 11. gxf3 Na5 12. e4 a6 13. f4 Ne8 14. Bh4 Nd6 15.
Bd3 Ndc4 16. Qe2 b5 17. e5 f6 18. d6 exd6 1/2-1/2